The Black Swan (Record no. 131114)
[ view plain ]
| 000 -LEADER | |
|---|---|
| fixed length control field | 00577nam a22001697a 4500 |
| 008 - FIXED-LENGTH DATA ELEMENTS--GENERAL INFORMATION | |
| fixed length control field | 211104b ||||| |||| 00| 0 eng d |
| 020 ## - INTERNATIONAL STANDARD BOOK NUMBER | |
| International Standard Book Number | 9780812973815 |
| 050 ## - LIBRARY OF CONGRESS CALL NUMBER | |
| Classification number | Q375.T35 2007 |
| 100 ## - MAIN ENTRY--PERSONAL NAME | |
| Personal name | Taleb, Nassim Nicholas |
| 9 (RLIN) | 50997 |
| 245 ## - TITLE STATEMENT | |
| Title | The Black Swan |
| Remainder of title | the impacts of the highly improbable |
| Statement of responsibility, etc | /by Nassim Nicholas Tabel |
| 250 ## - EDITION STATEMENT | |
| Edition statement | Second ed. |
| 260 ## - PUBLICATION, DISTRIBUTION, ETC. (IMPRINT) | |
| Place of publication, distribution, etc | New York: |
| Name of publisher, distributor, etc | Random House Paperbacks, |
| Date of publication, distribution, etc | c2010. |
| 300 ## - PHYSICAL DESCRIPTION | |
| Extent | xxxiii, 444p.; |
| Dimensions | 20cm. |
| 650 ## - SUBJECT ADDED ENTRY--TOPICAL TERM | |
| Topical term or geographic name as entry element | Uncertainty (Information theory) |
| General subdivision | Social aspects |
| 9 (RLIN) | 50998 |
| 650 ## - SUBJECT ADDED ENTRY--TOPICAL TERM | |
| Topical term or geographic name as entry element | Forecasting |
| 9 (RLIN) | 50999 |
| 942 ## - ADDED ENTRY ELEMENTS (KOHA) | |
| Source of classification or shelving scheme | Library of Congress Classification |
| Item type | Monograph ( Printed materials) |
| Withdrawn status | Lost status | Source of classification or shelving scheme | Damaged status | Not for loan | Collection code | Home library | Current library | Shelving location | Date acquired | Total Checkouts | Full call number | Barcode | Date last seen | Copy number | Price effective from | Koha item type |
|---|---|---|---|---|---|---|---|---|---|---|---|---|---|---|---|---|
| Library of Congress Classification | Main Collection | ARRUPE LIBRARY | ARRUPE LIBRARY | Main Collection | 05/11/2021 | Q375.T35 2007 | 46600007129 | 05/11/2021 | 1 | 05/11/2021 | Monograph ( Printed materials) |